Normal view
MARC view
- Unesco
Entry Nombre Corporativo
Number of records used in: 167
001 - NÚMERO DE CONTROL
- campo de control: 22943
003 - IDENTIFICADOR DE NUMERO DE CONTROL
- campo de control: MX-MxUPN
005 - FECHA Y HORA DE LA ÜLTIMA TRANSACCIÓN
- campo de control: 20241016163456.0
008 - DATOS DE LONGITUD FIJA
- campo de control de longitud fija: 241016n||acnnnbabn n ana |d
035 ## - NÚMERO DE CONTROL
- Número de control: UPN10000022952
040 ## - FUENTE DE CATALOGACIÓN
- Lenguaje de catalogación: spa
- Agencia transcribe: MX-MxUPN
- Agencia original de catalogación: MX-MxUPN
110 2# - ENCABEZAMIENTO - NOMBRE CORPORATIVO
- Nombre corporativo o de jurisdicción como elemento de entrada : Unesco
- Subdivisión de forma: Informes
670 ## - FUENTE EN LA QUE SE LOCALIZARON DATOS
- Cita de la fuente : LC/P
670 ## - FUENTE EN LA QUE SE LOCALIZARON DATOS
- Cita de la fuente : Autoridades BGTQ, 16 octubre 2024 :
- Información localizada: (Unesco -- Informes)
902 ## - CATALOGADOR
- Catalogador: MMA/190796
- Catalogador: MaríaRobles/161024
